[Event "St Petersburg-ch 92nd"]
[Site "St Petersburg"]
[Date "2019.04.04"]
[Round "4"]
[White "Lobanov, Sergei"]
[Black "Golikov, Daniil"]
[Result "1-0"]
[WhiteElo "2528"]
[BlackElo "2298"]
[PlyCount "71"]
[EventDate "2019.04.01"]
[EventType "tourn"]
[EventRounds "11"]
[EventCountry "RUS"]
[EventCategory "7"]
[SourceTitle "CBM 189 Extra"]
[Source "ChessBase"]
[SourceDate "2019.05.31"]
[SourceVersion "1"]
[SourceVersionDate "2019.05.31"]
[SourceQuality "1"]

1. e4 e6 2. d4 d5 3. Nc3 Nf6 4. Bg5 Be7 5. e5 Nfd7 6. h4 Bxg5 7. hxg5 Qxg5 8. Nh3 Qe7 9. Qg4 g6 10. 0-0-0 Nc6 11. Ng5 h5 12. Qf4 Nf8 13. g4 Nh7 14. Nxh7 Rxh7 15. Bg2 Bd7 16. Bxd5 0-0-0 17. Bf3 h4 18. Ne4 Nb4 19. Nf6 Rhh8 20. a3 Nd5 21. Bxd5 exd5 22. Rh3 Qf8 23. Rdh1 Qh6 24. Qxh6 Rxh6 25. Rxh4 Rxh4 26. Rxh4 Be6 27. Kd2 Rf8 28. Ke3 Kd8 29. Kf4 Ke7 30. Kg5 c6 31. f4 Bc8 32. f5 gxf5 33. gxf5 Kd8 34. Rh7 b6 35. Rg7 a5 36. Nh7 1-0

[Event "St Petersburg-ch 92nd"]
[Site "St Petersburg"]
[Date "2019.04.02"]
[Round "2"]
[White "Golikov, Daniil"]
[Black "Vlasenko, Miroslav"]
[Result "0-1"]
[WhiteElo "2298"]
[BlackElo "2410"]
[PlyCount "68"]
[EventDate "2019.04.01"]
[EventType "tourn"]
[EventRounds "11"]
[EventCountry "RUS"]
[EventCategory "7"]
[SourceTitle "CBM 189 Extra"]
[Source "ChessBase"]
[SourceDate "2019.05.31"]
[SourceVersion "1"]
[SourceVersionDate "2019.05.31"]
[SourceQuality "1"]

1. d4 f5 2. c4 Nf6 3. Nc3 e6 4. Nf3 Bb4 5. Bd2 0-0 6. g3 d5 7. Qb3 Be7 8. Bg2 c6 9. Ne5 Qb6 10. c5 Qa6 11. Qc2 Nbd7 12. Nd3 b6 13. b4 bxc5 14. bxc5 Ne4 15. Nxe4 fxe4 16. Nb4 Qb7 17. Rb1 Qc7 18. Qa4 Bb7 19. Bh3 Rf6 20. Bf4 Rxf4 21. gxf4 Nf8 22. e3 Bh4 23. Qd1 Qf7 24. Qg4 Bf6 25. Bf1 a5 26. Nc2 Bc8 27. Qg3 Ng6 28. a4 Bh4 29. Qg2 Bd8 30. Be2 Nh4 31. Qg3 Qa7 32. Qg4 g6 33. Qg1 Ba6 34. Bxa6 Nf3+ 0-1

[Event "Rilton Cup 48th"]
[Site "Stockholm"]
[Date "2019.01.05"]
[Round "9"]
[White "Erenberg, Ariel"]
[Black "Golikov, Daniil"]
[Result "1-0"]
[WhiteElo "2413"]
[BlackElo "2278"]
[PlyCount "64"]
[EventDate "2018.12.27"]
[EventType "swiss"]
[EventRounds "9"]
[EventCountry "SWE"]
[SourceTitle "CBM 188 Extra"]
[Source "ChessBase"]
[SourceDate "2019.02.28"]
[SourceVersion "1"]
[SourceVersionDate "2019.02.28"]
[SourceQuality "1"]

1. d4 d5 2. c4 c6 3. Nf3 Nf6 4. Nc3 e6 5. Bg5 Nbd7 6. e3 Be7 7. Bd3 dxc4 8. Bxc4 b5 9. Bd3 a6 10. e4 c5 11. e5 cxd4 12. exf6 gxf6 13. Nxd4 fxg5 14. Be4 Nb6 15. Bxa8 Nxa8 16. Nc6 Qxd1+ 17. Rxd1 Bb7 18. Nxe7 Kxe7 19. 0-0 Nb6 20. Rd4 e5 21. Rg4 h6 22. a4 e4 23. f4 b4 24. Na2 Nd5 25. fxg5 Ne3 26. Rxe4+ Bxe4 27. Re1 hxg5 28. Rxe3 f5 29. Nxb4 Kd6 30. Nxa6 Ra8 31. Rh3 Bd5 32. Rh6+ Be6 1-0

[Event "Rilton Cup 48th"]
[Site "Stockholm"]
[Date "2018.12.31"]
[Round "5"]
[White "Soysal, Serkan"]
[Black "Golikov, Daniil"]
[Result "1-0"]
[WhiteElo "2398"]
[BlackElo "2278"]
[PlyCount "63"]
[EventDate "2018.12.27"]
[EventType "swiss"]
[EventRounds "9"]
[EventCountry "SWE"]
[SourceTitle "CBM 188 Extra"]
[Source "ChessBase"]
[SourceDate "2019.02.28"]
[SourceVersion "1"]
[SourceVersionDate "2019.02.28"]
[SourceQuality "1"]

1. Nf3 Nf6 2. g3 e6 3. Bg2 d5 4. 0-0 c5 5. c4 d4 6. e3 Nc6 7. exd4 cxd4 8. d3 Bd6 9. Na3 0-0 10. Nc2 e5 11. b4 Nxb4 12. Nxb4 Bxb4 13. Nxe5 Bc3 14. Rb1 Qa5 15. Bf4 Qxa2 16. Bxb7 Bxb7 17. Rxb7 Qa6 18. Qf3 Qe6 19. Rxf7 a5 20. Qb7 Rxf7 21. Nxf7 Qa6 22. Qxa6 Rxa6 23. Nd6 g5 24. Be5 Ng4 25. f4 a4 26. Nb5 Nxe5 27. fxe5 a3 28. e6 Bb4 29. Nc7 Ra7 30. Nd5 a2 31. Ra1 Bc3 32. e7 1-0

[Event "Rilton Cup 48th"]
[Site "Stockholm"]
[Date "2018.12.30"]
[Round "4"]
[White "Golikov, Daniil"]
[Black "Munshi, Aditya"]
[Result "1-0"]
[WhiteElo "2278"]
[BlackElo "2095"]
[PlyCount "77"]
[EventDate "2018.12.27"]
[EventType "swiss"]
[EventRounds "9"]
[EventCountry "SWE"]
[SourceTitle "CBM 188 Extra"]
[Source "ChessBase"]
[SourceDate "2019.02.28"]
[SourceVersion "1"]
[SourceVersionDate "2019.02.28"]
[SourceQuality "1"]

1. c4 e5 2. Nc3 Bb4 3. Qc2 Nf6 4. Nf3 Qe7 5. a3 Bxc3 6. Qxc3 e4 7. Nd4 d5 8. e3 0-0 9. b3 c5 10. Nc2 Nc6 11. Bb2 d4 12. exd4 cxd4 13. Nxd4 Nxd4 14. Qxd4 Rd8 15. Qc3 Bg4 16. h3 Be6 17. Be2 Rac8 18. a4 Qf8 19. 0-0 Nd5 20. Qe5 Nf6 21. Rad1 Rc5 22. Qg3 Rf5 23. d4 h6 24. d5 Rg5 25. Qe3 Bf5 26. Kh1 Qe7 27. f4 Rg6 28. d6 Rxd6 29. Ba3 Rd3 30. Rxd3 Qxa3 31. Rd8+ Kh7 32. c5 Qb2 33. Rd2 Qa3 34. g4 Nxg4 35. hxg4 Bxg4 36. Bxg4 Rxg4 37. Qxe4+ g6 38. Qc4 Rh4+ 39. Kg2 1-0